Guess the anime based on these bad descriptions - Statistics

General Stats
  • This quiz has been taken 341 times
    340 since last reset
  • The average score is 15 of 50
Answer Stats
Hint Answer % Correct
Bald man on a winning streak. One-Punch Man
90%
High school boy sets unrealistically high expectations for himself after getting a new book. Death Note
87%
Kids entrap endangered animals and make them fight each other. Pokémon
74%
Microwaved fruit leads to time travel. Steins;Gate
67%
Guy has man crush on old friend and chases after him for hundreds of episodes. Naruto
66%
The school for eating hair and shipping a lot of different characters with each other. My Hero Academia
65%
Handicapable guy goes on a quest with the remains of his little brother. Full Metal Alchemist
61%
Lack of clarity as to whether these ripped swimmers are gay or not. Free!
57%
Satan gets a promotion at his day job. The Devil is a Part-timer!
56%
Bookworm gets unsuccesful organ transplant. Tokyo Ghoul
54%
Traumatised musician gets even more traumatised by other musician. Your Lie in April
52%
Main character takes forever to realise who the murderer of his old classmate is. Erased
45%
Gang wars meets high schoolers meets headless motorcyclist, and no one knows what's going on. Durarara!!
42%
Sister with separation anxiety helps brother beat god. No Game No Life
41%
Depressed boy is unwilling to fight aliens with robot due to daddy issues. Neon Genesis Evangelion
40%
It might seem like fun to have a yandere gilrfriend, but as this guy can tell you, it really isn't. Mirai Nikki
38%
Emotional speeches about friendship on repeat. Fairy Tail
37%
The love story is bittersweet, the character's eyes are huge, and the sadness is real. Clannad
34%
Umemployed, slutty god character is not run over by car, but still has problems. Noragami
31%
Dead girl comes back to life and makes everyone cry. AnoHana
30%
Two guys bicker over balls. Haikyuu!
29%
Anxious athlete comes out of the closet for his new coach. Yuri on Ice
29%
Gangsters ship their kids. Nisekoi
28%
Cross-dressing to pay back debt. Ouran High School Host Club
27%
Samurai looks for fragrant criminal. Samurai Champloo
26%
Temperamental boy with daddy issues literally goes up in flames. Blue Exorcist
23%
Boy becomes able to master robot after his first kiss. Darling in the Franxx
23%
God creates a new club at her high school. Melancholy of Haruhi Suzumiya
23%
Unlikely friends try to help each other get laid. Toradora!
22%
Boy drinks girl's spit in cave to save town from destruction. Your Name
22%
Orphaned girl fights ancient family curse with kindness. Fruits Basket
21%
Doctor saves lives, then regrets it and has a meltdown. Monster
21%
High school student tries to kill the rest of his family for the sake of one sibling. Code Geass
20%
Guy finds it hard to preserve energy because of a curious girl. Hyouka
16%
Cool robots, a hero, and a scantily-clad redhead. Tengan Toppa Gurren Lagann
16%
Super lazy man still gets a lot of exciting stuff done. Gintama
14%
High school girl receives a letter telling her to hook up with her suicidal classmate. Orange
12%
Girl goes on a boat ride with some of her cheating boyfriend. School Days
9%
High school student is held at gun point and forced to accept a job offer. Amagi Brilliant Park
8%
Girl attempts to seduce manga writer by filling in the blanks. Gekkan Shoujo Nozaki-kun
8%
Friends take turns violently killing each other in idyllic town. Higurashi
8%
Man falls in love with Alexa. Chobits
6%
Pink-haired middle schooler gets magic eggs to help her deal with her identity issues. Shugo Chara!
6%
Undead girl turns down her hot stepbrother to get with her hot biological brother. Vampire Knight
5%
A professional soldier gets beaten up by a girl with a paper fan. Full Metal Panic!
4%
A manly story about two very manly men doing very manly and extreme things. Berserk
3%
Delusional children dress up. Chuunibyou
2%
Cross-dressing just because he's fabulous. Princess Jellyfish
2%
Boy meets girl, turns into bird. Air
1%
Schizophrenic boy makes it very hard to follow plot. Chaos;Head
1%
No matching quizzes found
Score Distribution
Percent of People with Each Score
Percentile by Number Answered
Your Score History
You have not taken this quiz since the last reset